| 000 | 00723nam a2200229 i 4500 | ||
|---|---|---|---|
| 001 | 85157 | ||
| 003 | ES-MaACL | ||
| 005 | 20250828022034.0 | ||
| 007 | t| | ||
| 008 | 041125s1966 sp ||||1| cat d | ||
| 100 | 1 |
_aJoussellin, Jean. _967033 |
|
| 245 | 1 | 0 |
_aEducació cívica e inserció social / _cJean Joussellin ; [versió catalana de Josep M. Morató]. |
| 250 | _a1ª ed. | ||
| 260 |
_aBarcelona : _bNova Terra, _c[1966] |
||
| 300 |
_a210 p. ; _c20 cm. |
||
| 490 | 1 |
_aCol·lecció "Nadal" ; _v12 |
|
| 650 | 7 |
_aEducación cívica _2embne _9135955 |
|
| 700 | 1 |
_aMorató, José María. _983162 |
|
| 830 | 0 |
_aCol·lecció "Nadal" ; _v12 _9181843 |
|
| 852 |
_aES-MaACL _jC-29807 _bR.60257 |
||
| 999 |
_c85157 _d85157 |
||